000 00874cai a22002415a 4500
001 L155623
008 120329s2012 xxk f 000 0 eng d
035 _a(Sirsi) u155623
041 0 _aeng
110 2 _aUnited Kingdom
_bCabinet Office
_95270
245 0 0 _aLevel 2
_bbuilding information modelling workflow overview (draft)
_h[electronic resource]
260 _aLondon
_bCO
_c2012
520 _aDraft BIM workflow overview.
590 _aKA NTK
650 2 4 _aBUILDING INFORMATION MODELLING
650 2 4 _aBIM
_96219
651 4 _aUnited Kingdom
_y
690 _aBIM
_96219
710 1 _aUnited Kingdom
_bDepartment for Business, Innovation and Skills
_95760
710 1 _aConstruction Industry Council
_92417
856 4 0 _uhttps://www.bimtaskgroup.org/wp-content/uploads/2012/03/Level-2-BIM-workflow.pdf
_zView the draft workflow at www.bimtaskgroup.org
942 _n0
999 _c113706
_d113706